Lyrics to 'Faltas Tú' by Morat - Statistics

General Stats
  • This quiz has been taken 38 times
  • The average score is 319 of 348
Answer Stats
Answer % Correct
a
100%
adiós
100%
al
100%
algún
100%
ausentes
100%
besos
100%
bien
100%
calle
100%
Como
100%
Cómo
100%
con
100%
contestas?
100%
Cuando
100%
¿De
100%
de
100%
De
100%
Del
100%
día
100%
ejemplo
100%
el
100%
en
100%
es
100%
escapo
100%
estar
100%
estrellas
100%
faltan
100%
faltas
100%
fiesta
100%
galaxia
100%
incompleto
100%
intente
100%
jodido
100%
la
100%
llamo
100%
lo
100%
más
100%
me
100%
media
100%
medias
100%
mismo
100%
No
100%
no
100%
nunca
100%
O
100%
parecido
100%
por
100%
Por
100%
Porque
100%
qué
100%
que
100%
Que
100%
Quedé
100%
Regreso
100%
ruido
100%
100%
se
100%
si
100%
Si
100%
siempre
100%
sin
100%
sirve
100%
su
100%
Tan
100%
tan
100%
te
100%
100%
tu
100%
tus
100%
un
100%
una
100%
Vivo
100%
y
100%
Y
100%
Yo
100%
yo
100%
zapato
100%
acabó
67%
aceptar
67%
aquí
67%
aún
67%
borré
67%
cada
67%
canciones
67%
cansado
67%
cero
67%
ciento
67%
despediste
67%
diez
67%
digas
67%
dolía
67%
dos
67%
energía
67%
eres
67%
escribir
67%
ese
67%
esperaré
67%
estación
67%
estoy
67%
hace
67%
haya
67%
hueco
67%
Igual
67%
importa
67%
izquierda
67%
Llevo
67%
mayoría
67%
mensajes
67%
mes
67%
mesa
67%
mierda
67%
millón
67%
miraba
67%
ni
67%
olvidarte
67%
para
67%
pensando
67%
perdedor
67%
perder
67%
planes
67%
quiero
67%
sabe
67%
salir
67%
ser
67%
Solo
67%
soy
67%
tengo
67%
todavía
67%
todo
67%
tristes
67%
uno
67%
vas
67%
vivir
67%
volver
67%
voy
67%
Ya
67%
insiste
33%
No matching quizzes found
Score Distribution
Percent of People with Each Score
Percentile by Number Answered
Your Score History
You have not taken this quiz